[Event "DVM U20 2021"]
[Site "Kiel GER"]
[Date "2022.07.23"]
[Round "2"]
[White "Kartsev, Nikolay"]
[Black "Kotyk, Michael"]
[Result "1-0"]
[Termination "normal"]
[Board "1.4"]
[WhiteElo "2046"]
[BlackElo "2112"]
[WhiteClock "00:15:00"]
[BlackClock "00:01:59"]
[WhiteTeam "Schachfreunde Brackel 1930 e. V."]
[BlackTeam "Hamburger SK von 1830 eV"]
[PlyCount "87"]
[WhiteFideId "12939536"]
[BlackFideId "16214501"]
[EventCountry "GER"]
[EventRounds "7"]
[EventType "team-swiss"]
[EventDate "2022.07.22"]

1. e4 {[%clk 01:30:55]} {[%emt 00:02:37]} e5 {[%clk 01:28:49]} 2. Nf3 {[%clk
01:31:20]} Nc6 {[%clk 01:29:15]} 3. Bb5 {[%clk 01:31:47]} a6 {[%clk 01:29:42]}
4. Ba4 {[%clk 01:32:11]} Nf6 {[%clk 01:26:06]} 5. O-O {[%clk 01:31:31]} Be7
{[%clk 01:25:54]} 6. Re1 {[%clk 01:31:55]} b5 {[%clk 01:26:19]} 7. Bb3 {[%clk
01:32:20]} O-O {[%clk 01:25:52]} {[%emt 00:07:09]} 8. c3 {[%clk 01:32:45]} d5
{[%clk 01:24:53]} 9. exd5 {[%clk 01:33:10]} Nxd5 {[%clk 01:09:07]} 10. Nxe5
{[%clk 01:31:18]} Nxe5 {[%clk 01:09:35]} 11. Rxe5 {[%clk 01:31:41]} c6 {[%clk
00:56:49]} 12. a4 {[%clk 01:30:59]} Bd6 {[%clk 00:54:48]} 13. Rxd5 {[%clk
01:31:21]} cxd5 {[%clk 00:54:28]} 14. axb5 {[%clk 01:25:00]} Re8 {[%clk
00:42:45]} 15. g3 {[%clk 01:21:52]} Qe7 {[%clk 00:36:12]} 16. Qf1 {[%clk
01:01:29]} Qe1 {[%clk 00:34:46]} 17. Bxd5 {[%clk 00:59:24]} Bh3 {[%clk
00:35:06]} 18. Bg2 {[%clk 00:59:27]} Qxf1+ {[%clk 00:35:28]} 19. Kxf1 {[%clk
00:59:35]} Bxg2+ {[%clk 00:35:52]} 20. Kxg2 {[%clk 00:59:43]} Re1 {[%clk
00:26:33]} 21. Na3 {[%clk 00:56:24]} axb5 {[%clk 00:22:13]} 22. Rb1 {[%clk
00:54:11]} Bxa3 {[%clk 00:22:32]} 23. bxa3 {[%clk 00:53:50]} f5 {[%clk
00:17:57]} 24. h4 {[%clk 00:54:05]} Kf7 {[%clk 00:11:29]} 25. c4 {[%clk
00:47:24]} Ke6 {[%clk 00:07:33]} 26. d3 {[%clk 00:41:58]} Rc8 {[%clk 00:04:20]}
27. Ra1 {[%clk 00:40:36]} Ra8 {[%clk 00:04:06]} 28. cxb5 {[%clk 00:32:05]} Kd5
{[%clk 00:03:54]} 29. a4 {[%clk 00:27:39]} Rd1 {[%clk 00:02:06]} 30. a5 {[%clk
00:23:47]} Rxd3 {[%clk 00:02:22]} 31. Rb1 {[%clk 00:14:31]} Rd4 {[%clk
00:01:11]} 32. b6 {[%clk 00:10:58]} Ra4 {[%clk 00:00:42]} 33. b7 {[%clk
00:11:23]} R4xa5 {[%clk 00:00:45]} 34. bxa8=Q+ {[%clk 00:11:49]} Rxa8 35. Rb7
{[%emt 03:12:56]} Rg8 {[%clk 00:00:57]} {[%emt 00:00:01]} 36. Bb2 {[%clk
00:12:45]} {[%emt 00:00:11]} g5 {[%clk 00:01:09]} 37. h5 {[%clk 00:13:01]} f4
{[%clk 00:00:57]} 38. Rxh7 {[%clk 00:13:25]} Ke4 {[%clk 00:01:14]} 39. Re7+
{[%clk 00:13:49]} Kf5 {[%clk 00:01:31]} 40. h6 {[%clk 00:14:13]} Kg4 {[%clk
00:01:25]} 41. h7 {[%clk 00:14:37]} f3+ {[%clk 00:01:47]} 42. Kf1 {[%clk
00:14:44]} Rd8 {[%clk 00:01:35]} 43. h8=Q {[%clk 00:15:00]} Rd1+ {[%clk
00:01:59]} 44. Re1 1-0

[Event "DVM U20 2021"]
[Site "Kiel GER"]
[Date "2022.07.23"]
[Round "2"]
[White "Meyling, Lennart"]
[Black "Bartelt, Max Peter"]
[Result "1/2-1/2"]
[Termination "normal"]
[Board "1.5"]
[WhiteElo "2097"]
[BlackElo "1915"]
[WhiteClock "00:11:16"]
[BlackClock "00:03:32"]
[WhiteTeam "Hamburger SK von 1830 eV"]
[BlackTeam "Schachfreunde Brackel 1930 e. V."]
[PlyCount "125"]
[WhiteFideId "12947130"]
[BlackFideId "12967289"]
[EventCountry "GER"]
[EventRounds "7"]
[EventType "team-swiss"]
[EventDate "2022.07.22"]

1. d4 {[%clk 01:30:51]} {[%emt 00:00:09]} d5 {[%clk 01:30:45]} {[%emt
00:00:16]} 2. Nf3 {[%clk 01:31:13]} {[%emt 00:00:07]} Nf6 {[%clk 01:31:05]}
{[%emt 00:00:10]} 3. g3 {[%clk 01:31:37]} {[%emt 00:00:06]} e6 {[%clk
01:30:36]} {[%emt 00:00:59]} 4. Bg2 {[%clk 01:31:43]} {[%emt 00:00:25]} Be7
{[%clk 01:31:01]} {[%emt 00:00:05]} 5. O-O {[%clk 01:32:09]} {[%emt 00:00:04]}
O-O {[%clk 01:31:26]} {[%emt 00:00:04]} 6. c4 {[%clk 01:32:37]} {[%emt
00:00:02]} dxc4 {[%clk 01:31:24]} {[%emt 00:00:32]} 7. Ne5 {[%clk 01:33:02]}
{[%emt 00:00:06]} Nbd7 {[%emt 00:06:45]} 8. Nxc4 {[%clk 01:30:32]} {[%emt
00:01:52]} c5 {[%clk 01:24:52]} {[%emt 00:01:54]} 9. dxc5 {[%clk 01:26:22]}
{[%emt 00:04:40]} Nxc5 {[%clk 01:19:10]} {[%emt 00:06:12]} 10. Nc3 {[%clk
01:26:01]} {[%emt 00:00:50]} a5 {[%clk 01:12:59]} {[%emt 00:06:42]} 11. Be3
{[%clk 01:14:07]} {[%emt 00:12:24]} Ng4 {[%clk 00:56:08]} {[%emt 00:17:20]} 12.
Bd4 {[%clk 01:11:09]} {[%emt 00:03:29]} Ra6 {[%clk 00:37:38]} {[%emt 00:19:00]}
13. e3 {[%clk 01:04:28]} {[%emt 00:07:11]} Nh6 {[%clk 00:31:52]} {[%emt
00:06:16]} 14. Qe2 {[%clk 00:31:03]} {[%emt 00:33:55]} Nf5 {[%clk 00:27:58]}
{[%emt 00:04:24]} 15. Rfd1 {[%clk 00:24:43]} {[%emt 00:06:50]} Nxd4 {[%clk
00:27:00]} {[%emt 00:01:29]} 16. exd4 {[%clk 00:24:48]} {[%emt 00:00:24]} Nd7
{[%clk 00:26:42]} {[%emt 00:00:48]} 17. d5 {[%clk 00:24:10]} {[%emt 00:01:08]}
exd5 {[%clk 00:25:14]} {[%emt 00:01:58]} 18. Bxd5 {[%clk 00:22:23]} {[%emt
00:02:17]} Bc5 {[%clk 00:21:48]} {[%emt 00:03:55]} 19. Qf3 {[%clk 00:06:44]}
{[%emt 00:16:10]} Rf6 {[%clk 00:20:56]} {[%emt 00:01:22]} 20. Qe4 {[%clk
00:06:34]} {[%emt 00:00:40]} Rxf2 {[%clk 00:19:36]} {[%emt 00:01:50]} 21. Kh1
{[%clk 00:06:58]} {[%emt 00:00:06]} Qg5 {[%clk 00:15:54]} {[%emt 00:04:12]} 22.
Qh4 {[%clk 00:00:32]} {[%emt 00:06:57]} Qxh4 {[%clk 00:14:55]} {[%emt
00:01:29]} 23. gxh4 {[%clk 00:00:57]} {[%emt 00:00:04]} Nf6 {[%clk 00:13:23]}
{[%emt 00:02:02]} 24. Nxa5 {[%clk 00:00:39]} {[%emt 00:00:48]} Ng4 {[%clk
00:09:56]} {[%emt 00:03:57]} 25. Bg2 {[%clk 00:01:04]} {[%emt 00:00:05]} Rxb2
{[%clk 00:09:04]} {[%emt 00:01:21]} 26. Ne4 {[%clk 00:01:30]} {[%emt 00:00:05]}
b6 {[%clk 00:05:38]} {[%emt 00:03:57]} 27. Nc4 {[%clk 00:01:22]} {[%emt
00:00:38]} Rc2 {[%clk 00:04:37]} {[%emt 00:01:30]} 28. Rdc1 {[%clk 00:01:35]}
{[%emt 00:00:17]} Re2 {[%clk 00:03:47]} {[%emt 00:01:20]} 29. Nxc5 {[%clk
00:01:34]} {[%emt 00:00:31]} bxc5 {[%clk 00:03:48]} {[%emt 00:00:29]} 30. Nb6
{[%clk 00:01:14]} {[%emt 00:00:50]} Ba6 {[%clk 00:03:33]} {[%emt 00:00:45]} 31.
Rxc5 {[%clk 00:00:43]} {[%emt 00:01:01]} Rfe8 {[%clk 00:03:05]} {[%emt
00:00:57]} 32. Rcc1 {[%clk 00:00:55]} {[%emt 00:00:18]} Nf2+ {[%clk 00:02:36]}
{[%emt 00:01:00]} 33. Kg1 {[%clk 00:01:20]} {[%emt 00:00:05]} Nd3 {[%clk
00:02:52]} {[%emt 00:00:14]} 34. Rf1 {[%clk 00:01:14]} {[%emt 00:00:36]} Rb2
{[%clk 00:01:01]} {[%emt 00:02:21]} 35. Rab1 {[%clk 00:01:36]} {[%emt
00:00:09]} Ree2 {[%clk 00:00:45]} {[%emt 00:00:45]} 36. Bd5 {[%clk 00:00:31]}
{[%emt 00:01:34]} Rxb1 {[%clk 00:00:45]} {[%emt 00:00:31]} 37. Rxb1 {[%clk
00:00:57]} {[%emt 00:00:05]} g6 {[%clk 00:00:34]} {[%emt 00:00:41]} 38. Rf1
{[%clk 00:00:33]} {[%emt 00:00:53]} Ne5 {[%clk 00:00:44]} {[%emt 00:00:20]} 39.
Rd1 {[%emt 00:00:33]} Rb2 {[%clk 00:00:35]} {[%emt 00:00:38]} 40. Na4 {[%clk
00:00:35]} {[%emt 00:00:27]} Rb4 {[%clk 00:00:33]} {[%emt 00:00:32]} 41. Nc5
{[%clk 00:27:55]} {[%emt 00:03:09]} Be2 {[%clk 00:23:19]} {[%emt 00:07:43]} 42.
Re1 {[%clk 00:24:07]} {[%emt 00:04:18]} Nf3+ {[%clk 00:22:29]} {[%emt
00:01:20]} 43. Bxf3 {[%clk 00:24:32]} {[%emt 00:00:06]} Bxf3 {[%clk 00:22:55]}
{[%emt 00:00:04]} 44. Kf2 {[%clk 00:23:44]} {[%emt 00:01:18]} Bd5 {[%clk
00:22:55]} {[%emt 00:00:29]} 45. h5 {[%clk 00:19:04]} {[%emt 00:05:10]} Rh4
{[%clk 00:14:36]} {[%emt 00:08:49]} 46. hxg6 {[%clk 00:15:01]} {[%emt
00:04:33]} Rxh2+ {[%clk 00:14:36]} {[%emt 00:00:31]} 47. Kg3 {[%clk 00:14:25]}
{[%emt 00:01:05]} Rg2+ {[%clk 00:14:57]} {[%emt 00:00:09]} 48. Kf4 {[%clk
00:14:51]} {[%emt 00:00:05]} hxg6 {[%clk 00:14:37]} {[%emt 00:00:50]} 49. a4
{[%clk 00:15:12]} {[%emt 00:00:09]} Rc2 {[%clk 00:14:14]} {[%emt 00:00:54]} 50.
Nd7 {[%clk 00:14:21]} {[%emt 00:01:19]} Bc6 {[%clk 00:13:24]} {[%emt 00:01:20]}
51. Nb6 {[%clk 00:13:36]} {[%emt 00:01:15]} Ra2 {[%clk 00:12:41]} {[%emt
00:01:13]} 52. Re7 {[%clk 00:09:39]} {[%emt 00:04:27]} Bxa4 {[%clk 00:09:46]}
{[%emt 00:03:26]} 53. Ra7 {[%clk 00:10:01]} {[%emt 00:00:07]} Bb3 {[%clk
00:09:53]} {[%emt 00:00:23]} 54. Rxa2 {[%clk 00:10:26]} {[%emt 00:00:05]} Bxa2
{[%clk 00:10:19]} {[%emt 00:00:05]} 55. Nd7 {[%clk 00:10:53]} {[%emt 00:00:02]}
Be6 {[%clk 00:09:05]} {[%emt 00:01:44]} 56. Nf6+ {[%clk 00:11:17]} {[%emt
00:00:06]} Kf8 {[%clk 00:09:14]} {[%emt 00:00:21]} 57. Kg5 {[%clk 00:11:28]}
{[%emt 00:00:20]} Ke7 {[%clk 00:09:23]} {[%emt 00:00:21]} 58. Ng8+ {[%clk
00:10:45]} {[%emt 00:01:13]} Kd6 {[%clk 00:09:33]} {[%emt 00:00:20]} 59. Kf6
{[%clk 00:11:00]} {[%emt 00:00:15]} Bc4 {[%clk 00:06:38]} {[%emt 00:03:25]} 60.
Nh6 {[%clk 00:10:08]} {[%emt 00:01:20]} Kc5 {[%clk 00:05:39]} {[%emt 00:01:31]}
61. Ng4 {[%clk 00:10:28]} {[%emt 00:00:09]} Kd4 {[%clk 00:05:05]} {[%emt
00:01:05]} 62. Ne5 {[%clk 00:10:51]} {[%emt 00:00:07]} g5 {[%clk 00:03:32]}
{[%emt 00:02:03]} 63. Nf3+ {[%clk 00:11:16]} {[%emt 00:00:05]} 1/2-1/2

[Event "DVM U20 2021"]
[Site "Kiel GER"]
[Date "2022.07.23"]
[Round "2"]
[White "Skabs, Denis"]
[Black "Fuhrmann, Åke"]
[Result "1-0"]
[Termination "normal"]
[Board "1.6"]
[WhiteElo "1949"]
[BlackElo "1942"]
[WhiteClock "00:22:46"]
[BlackClock "00:31:11"]
[WhiteTeam "Schachfreunde Brackel 1930 e. V."]
[BlackTeam "Hamburger SK von 1830 eV"]
[PlyCount "105"]
[WhiteFideId "16248449"]
[BlackFideId "12983853"]
[EventCountry "GER"]
[EventRounds "7"]
[EventType "team-swiss"]
[EventDate "2022.07.22"]

1. e4 {[%clk 01:30:54]} {[%emt 00:00:03]} c5 {[%clk 01:31:18]} 2. d4 {[%clk
01:31:17]} cxd4 {[%clk 01:31:45]} 3. c3 {[%clk 01:31:40]} Nf6 {[%clk 01:32:11]}
4. e5 {[%clk 01:32:05]} Nd5 {[%clk 01:32:37]} 5. Nf3 {[%clk 01:32:26]} Nc6
{[%clk 01:33:02]} 6. Bc4 {[%clk 01:32:38]} Nb6 {[%clk 01:33:26]} 7. Bb3 {[%clk
01:32:53]} d5 {[%clk 01:33:50]} 8. exd6 {[%clk 01:33:18]} Qxd6 {[%clk
01:33:26]} 9. O-O {[%clk 01:32:52]} dxc3 {[%clk 01:29:54]} 10. Nxc3 {[%clk
01:22:11]} {[%emt 00:09:43]} Qxd1 {[%clk 01:30:17]} 11. Rxd1 {[%clk 01:17:09]}
Bg4 {[%clk 01:28:54]} 12. Nb5 {[%clk 01:17:25]} Rc8 {[%clk 01:20:53]} 13. Be3
{[%clk 01:08:39]} Bxf3 {[%clk 01:20:57]} 14. gxf3 {[%clk 00:46:50]} a6 {[%clk
01:15:56]} 15. Bxb6 {[%clk 00:45:09]} axb5 {[%clk 01:09:45]} 16. Rd5 {[%clk
00:40:36]} g6 {[%clk 01:03:17]} 17. Rxb5 {[%clk 00:39:57]} Bg7 {[%clk
00:57:24]} 18. Be3 {[%clk 00:31:03]} Rc7 {[%clk 00:50:05]} 19. Bd5 {[%clk
00:27:49]} O-O {[%clk 00:45:01]} 20. a4 {[%clk 00:22:05]} Nd4 {[%clk 00:36:17]}
21. Rxb7 {[%clk 00:21:54]} Rxb7 {[%clk 00:36:41]} 22. Bxb7 {[%clk 00:21:51]}
Rb8 {[%clk 00:36:50]} 23. Be4 {[%clk 00:18:41]} Ne2+ {[%clk 00:32:47]} 24. Kg2
{[%clk 00:18:52]} Bxb2 {[%clk 00:24:51]} 25. Re1 {[%clk 00:19:05]} Nc3 {[%clk
00:14:13]} 26. Ba7 {[%clk 00:10:00]} Rb4 {[%clk 00:12:43]} 27. a5 {[%clk
00:07:38]} Nb5 {[%clk 00:11:03]} 28. Bc5 {[%clk 00:05:51]} Rc4 {[%clk
00:10:47]} 29. Bxe7 {[%clk 00:04:42]} Bd4 {[%clk 00:10:41]} 30. Bd3 {[%clk
00:04:29]} Ra4 {[%clk 00:10:53]} 31. Bxb5 {[%clk 00:04:54]} Rxa5 {[%clk
00:09:31]} 32. Bc4 {[%clk 00:05:03]} Ra4 {[%clk 00:09:38]} 33. Bb3 {[%clk
00:05:20]} Ra7 {[%clk 00:09:11]} 34. Re4 {[%clk 00:05:37]} Bc3 {[%clk
00:08:46]} 35. Bg5 {[%clk 00:05:57]} Kg7 {[%clk 00:06:12]} 36. Be3 {[%clk
00:05:56]} Rd7 {[%clk 00:04:19]} 37. Rc4 {[%clk 00:06:09]} Be5 {[%clk
00:04:11]} 38. Rc8 {[%clk 00:06:11]} Rb7 {[%clk 00:03:26]} 39. Bc4 {[%clk
00:05:23]} Rc7 {[%clk 00:02:30]} 40. Rxc7 {[%clk 00:05:48]} Bxc7 {[%clk
00:02:34]} 41. h3 {[%clk 00:29:37]} f6 {[%clk 00:32:29]} 42. Kf1 {[%clk
00:29:05]} g5 {[%clk 00:31:13]} 43. Bd3 {[%clk 00:24:32]} h5 {[%clk 00:31:35]}
44. Bf5 {[%clk 00:24:23]} Kf7 {[%clk 00:31:45]} 45. Ke2 {[%clk 00:23:05]} Bd6
{[%clk 00:31:56]} 46. Kd3 {[%clk 00:23:09]} h4 {[%clk 00:31:52]} 47. Ke4 {[%clk
00:23:12]} Bc7 {[%clk 00:30:23]} 48. Bd7 {[%clk 00:23:25]} Kg6 {[%clk
00:30:42]} 49. Be8+ {[%clk 00:23:41]} Kg7 {[%clk 00:30:31]} 50. Bd4 {[%clk
00:22:45]} Bd8 {[%clk 00:30:54]} 51. Kf5 {[%clk 00:22:23]} Kf8 {[%clk
00:31:00]} 52. Bxf6 {[%clk 00:22:46]} Bb6 {[%clk 00:31:11]} 53. Bg6 1-0

[Event "DVM U20 2021"]
[Site "Kiel GER"]
[Date "2022.07.23"]
[Round "2"]
[White "Stelmaszyk, Nico"]
[Black "Suvorov, Alexander"]
[Result "1/2-1/2"]
[Termination "normal"]
[Board "2.1"]
[WhiteTitle "FM"]
[BlackTitle "FM"]
[WhiteElo "2287"]
[BlackElo "2371"]
[WhiteClock "00:02:52"]
[BlackClock "00:01:15"]
[WhiteTeam "SK Lehrte von 1919 e. V."]
[BlackTeam "Schachgemeinschaft Porz e. V."]
[PlyCount "155"]
[WhiteFideId "16200462"]
[BlackFideId "12977063"]
[EventCountry "GER"]
[EventRounds "7"]
[EventType "team-swiss"]
[EventDate "2022.07.22"]

1. e4 {[%clk 01:30:57]} {[%emt 00:00:02]} e5 {[%clk 01:30:43]} {[%emt
00:00:18]} 2. Nf3 {[%clk 01:31:23]} {[%emt 00:00:04]} Nc6 {[%clk 01:31:02]}
{[%emt 00:00:10]} 3. Bc4 {[%clk 01:31:47]} {[%emt 00:00:06]} Nf6 {[%clk
01:31:20]} {[%emt 00:00:13]} 4. d3 {[%clk 01:32:12]} {[%emt 00:00:05]} h6
{[%clk 01:31:34]} {[%emt 00:00:15]} 5. Nc3 {[%clk 01:29:11]} {[%emt 00:03:31]}
d6 {[%clk 01:30:51]} {[%emt 00:01:14]} 6. h3 {[%clk 01:26:43]} {[%emt
00:02:58]} g6 {[%clk 01:27:46]} {[%emt 00:03:35]} 7. d4 {[%clk 01:21:18]}
{[%emt 00:05:55]} exd4 {[%clk 01:21:11]} {[%emt 00:07:05]} 8. Nxd4 {[%clk
01:21:42]} {[%emt 00:00:06]} Bg7 {[%clk 01:17:42]} {[%emt 00:03:58]} 9. Nxc6
{[%clk 01:18:50]} {[%emt 00:03:22]} bxc6 {[%clk 01:18:02]} {[%emt 00:00:10]}
10. O-O {[%clk 01:17:19]} {[%emt 00:02:00]} O-O {[%clk 01:16:49]} {[%emt
00:01:44]} 11. Bf4 {[%clk 01:10:25]} {[%emt 00:07:24]} Re8 {[%clk 01:00:59]}
{[%emt 00:16:21]} 12. Qf3 {[%clk 01:01:46]} {[%emt 00:09:09]} Be6 {[%clk
00:56:49]} {[%emt 00:04:39]} 13. Bb3 {[%clk 00:57:25]} {[%emt 00:04:51]} Nd7
{[%clk 00:49:31]} {[%emt 00:07:48]} 14. Rad1 {[%clk 00:47:03]} {[%emt
00:10:52]} a5 {[%clk 00:31:32]} {[%emt 00:18:29]} 15. Rfe1 {[%clk 00:37:46]}
{[%emt 00:09:46]} Qb8 {[%clk 00:19:08]} {[%emt 00:12:55]} 16. Bc1 {[%clk
00:29:26]} {[%emt 00:08:49]} Nc5 {[%clk 00:17:09]} {[%emt 00:02:30]} 17. e5
{[%clk 00:24:14]} {[%emt 00:05:43]} d5 {[%clk 00:09:22]} {[%emt 00:08:16]} 18.
Na4 {[%clk 00:18:45]} {[%emt 00:05:59]} Nd7 {[%clk 00:05:37]} {[%emt 00:04:15]}
19. Qg3 {[%clk 00:13:22]} {[%emt 00:05:54]} Qb4 {[%clk 00:02:39]} {[%emt
00:03:27]} 20. c3 {[%clk 00:11:26]} {[%emt 00:02:25]} Qe7 {[%clk 00:02:36]}
{[%emt 00:00:33]} 21. Bc2 {[%clk 00:11:31]} {[%emt 00:00:26]} Nb6 {[%clk
00:02:08]} {[%emt 00:00:59]} 22. f4 {[%clk 00:10:09]} {[%emt 00:01:51]} Bf5
{[%clk 00:01:40]} {[%emt 00:00:58]} 23. Bxf5 {[%clk 00:09:32]} {[%emt
00:01:06]} gxf5 {[%clk 00:01:56]} {[%emt 00:00:15]} 24. Nxb6 {[%clk 00:09:17]}
{[%emt 00:00:46]} cxb6 {[%clk 00:02:24]} {[%emt 00:00:01]} 25. Be3 {[%clk
00:08:11]} {[%emt 00:01:36]} Rab8 {[%clk 00:02:42]} {[%emt 00:00:12]} 26. Qf2
{[%clk 00:08:22]} {[%emt 00:00:18]} Qc7 {[%clk 00:01:39]} {[%emt 00:01:34]} 27.
Qc2 {[%clk 00:08:39]} {[%emt 00:00:13]} Qd7 {[%clk 00:01:48]} {[%emt 00:00:21]}
28. c4 {[%clk 00:08:10]} {[%emt 00:00:59]} f6 {[%clk 00:00:52]} {[%emt
00:01:26]} 29. cxd5 {[%clk 00:06:31]} {[%emt 00:02:09]} cxd5 {[%clk 00:01:21]}
{[%emt 00:00:01]} 30. e6 {[%clk 00:06:28]} {[%emt 00:00:33]} Qxe6 {[%clk
00:01:28]} {[%emt 00:00:23]} 31. Qb3 {[%clk 00:06:34]} {[%emt 00:00:24]} Bf8
{[%clk 00:00:44]} {[%emt 00:01:15]} 32. Bd4 {[%clk 00:04:53]} {[%emt 00:02:11]}
Qc6 {[%clk 00:00:45]} {[%emt 00:00:28]} 33. Rxe8 {[%clk 00:04:32]} {[%emt
00:00:52]} Rxe8 {[%clk 00:01:13]} {[%emt 00:00:01]} 34. Qxb6 {[%clk 00:03:43]}
{[%emt 00:01:19]} Qxb6 {[%clk 00:00:53]} {[%emt 00:00:50]} 35. Bxb6 {[%clk
00:04:10]} {[%emt 00:00:03]} Rb8 {[%clk 00:00:57]} {[%emt 00:00:27]} 36. Bd4
{[%clk 00:04:20]} {[%emt 00:00:19]} Kf7 {[%clk 00:00:48]} {[%emt 00:00:39]} 37.
Kf2 {[%clk 00:03:43]} {[%emt 00:01:06]} a4 {[%clk 00:00:36]} {[%emt 00:00:43]}
38. Rc1 {[%clk 00:02:49]} {[%emt 00:01:23]} Rb4 {[%clk 00:00:57]} {[%emt
00:00:10]} 39. Ke3 {[%clk 00:01:58]} {[%emt 00:01:21]} Bd6 {[%clk 00:01:08]}
{[%emt 00:00:19]} 40. g3 {[%clk 00:01:08]} {[%emt 00:01:19]} Rb8 {[%clk
00:00:36]} {[%emt 00:01:03]} 41. Rc6 {[%clk 00:29:19]} {[%emt 00:02:19]} Re8+
{[%clk 00:16:00]} {[%emt 00:15:06]} 42. Kd3 {[%clk 00:26:48]} {[%emt 00:03:01]}
Be7 {[%clk 00:13:49]} {[%emt 00:02:42]} 43. Rc7 {[%clk 00:14:12]} {[%emt
00:13:05]} Ke6 {[%clk 00:13:57]} {[%emt 00:00:22]} 44. Ra7 {[%clk 00:12:51]}
{[%emt 00:01:51]} a3 {[%clk 00:13:01]} {[%emt 00:01:26]} 45. bxa3 {[%clk
00:12:55]} {[%emt 00:00:26]} Rg8 {[%clk 00:13:05]} {[%emt 00:00:25]} 46. Bf2
{[%clk 00:12:36]} {[%emt 00:00:50]} Rb8 {[%clk 00:13:11]} {[%emt 00:00:24]} 47.
g4 {[%clk 00:11:24]} {[%emt 00:01:42]} Bd6 {[%clk 00:06:55]} {[%emt 00:06:45]}
48. Ra6 {[%clk 00:10:17]} {[%emt 00:01:37]} Kd7 {[%clk 00:03:08]} {[%emt
00:04:18]} 49. gxf5 {[%clk 00:05:18]} {[%emt 00:05:29]} Rb2 {[%clk 00:03:36]}
{[%emt 00:00:02]} 50. Ra7+ {[%clk 00:05:40]} {[%emt 00:00:07]} Ke8 {[%clk
00:02:34]} {[%emt 00:01:32]} 51. Bd4 {[%clk 00:03:14]} {[%emt 00:02:56]} Rxa2
{[%clk 00:03:02]} {[%emt 00:00:02]} 52. Bxf6 {[%clk 00:02:40]} {[%emt
00:01:04]} Rxa3+ {[%clk 00:02:47]} {[%emt 00:00:46]} 53. Rxa3 {[%clk 00:03:04]}
{[%emt 00:00:07]} Bxa3 {[%clk 00:03:16]} 54. Bg7 {[%clk 00:03:07]} {[%emt
00:00:27]} h5 {[%clk 00:02:40]} {[%emt 00:01:06]} 55. Be5 {[%clk 00:02:51]}
{[%emt 00:00:45]} Bc5 {[%clk 00:02:54]} {[%emt 00:00:16]} 56. Ke2 {[%clk
00:03:02]} {[%emt 00:00:19]} Kf7 {[%clk 00:02:48]} {[%emt 00:00:37]} 57. Kd3
{[%clk 00:03:09]} {[%emt 00:00:23]} Ke7 {[%clk 00:02:51]} {[%emt 00:00:27]} 58.
Kc3 {[%clk 00:03:32]} {[%emt 00:00:07]} Kf7 {[%clk 00:02:04]} {[%emt 00:01:18]}
59. Kb3 {[%clk 00:03:55]} {[%emt 00:00:06]} Ke7 {[%clk 00:01:32]} {[%emt
00:01:02]} 60. Ka4 {[%clk 00:04:19]} {[%emt 00:00:05]} Kf7 {[%clk 00:01:49]}
{[%emt 00:00:14]} 61. Kb5 {[%emt 00:01:29]} Be3 {[%clk 00:02:05]} 62. Kb4
{[%emt 00:01:33]} Bb6 {[%clk 00:02:11]} 63. Kc3 {[%clk 00:03:18]} {[%emt
00:00:06]} Bc5 {[%clk 00:02:32]} {[%emt 00:00:09]} 64. Kd3 {[%clk 00:03:44]}
{[%emt 00:00:05]} Bb6 {[%clk 00:02:43]} {[%emt 00:00:19]} 65. Ke2 {[%clk
00:04:07]} {[%emt 00:00:06]} Bc5 {[%clk 00:02:37]} {[%emt 00:00:37]} 66. Kf3
{[%clk 00:03:58]} {[%emt 00:00:39]} Bb6 {[%clk 00:02:49]} {[%emt 00:00:18]} 67.
Kg3 {[%clk 00:03:43]} {[%emt 00:00:44]} Bd8 {[%clk 00:02:43]} {[%emt 00:00:37]}
68. Bd4 {[%clk 00:03:45]} {[%emt 00:00:27]} Bf6 {[%clk 00:02:13]} {[%emt
00:01:00]} 69. Bf2 {[%clk 00:03:33]} {[%emt 00:00:42]} Bd8 {[%clk 00:02:01]}
{[%emt 00:00:43]} 70. Kf3 {[%clk 00:03:54]} {[%emt 00:00:09]} Bf6 {[%clk
00:01:22]} {[%emt 00:01:09]} 71. Ke3 {[%clk 00:04:08]} {[%emt 00:00:16]} Ke7
{[%clk 00:01:05]} {[%emt 00:00:48]} 72. Kd3 {[%clk 00:04:30]} {[%emt 00:00:06]}
Kf7 {[%clk 00:01:25]} {[%emt 00:00:11]} 73. Bb6 {[%clk 00:04:40]} {[%emt
00:00:18]} Bb2 {[%clk 00:01:23]} {[%emt 00:00:34]} 74. Bd8 {[%clk 00:04:27]}
{[%emt 00:00:42]} Bf6 {[%clk 00:01:23]} {[%emt 00:00:31]} 75. Bc7 {[%clk
00:04:38]} {[%emt 00:00:19]} Be7 {[%clk 00:00:42]} {[%emt 00:01:11]} 76. Be5
{[%clk 00:04:20]} {[%emt 00:00:48]} Bc5 {[%clk 00:01:07]} {[%emt 00:00:05]} 77.
Bc3 {[%clk 00:04:06]} {[%emt 00:00:44]} Bb6 {[%clk 00:01:15]} {[%emt 00:00:23]}
78. Bd4 {[%clk 00:02:52]} {[%emt 00:01:42]} 1/2-1/2